000 01163cam a2200229 4500
001 ##L134790
008 060831n2006 000 0 eng u
035 _a(Sirsi) u134790
041 0 _aeng
050 0 4 _a333.33 $2 18
110 2 _aSavills
_92020
245 0 0 _aSavills UK commercial development activity PMI: August 2006
260 _aLondon
_bSavills
_c2006
490 0 _aSavills UK Commercial Development Activity PMI
_vAugust 2006
520 _aLevels of commercial development continue to be high, and commercial construction companies have reported a growth in public and private sector activity. The strongest growth was in areas outside London and south east England. Developers are still optimistic about growth over the next three months, and are most optimistic about office construction activity. Tables and graphs.
590 _aIKA050906
650 2 4 _aSAVILLS UK COMMERCIAL DEVELOPMENT ACTIVITY PMI
651 4 _aUNTED KINGDOM
690 _aPROPERTY-COMMERCIAL PROPERTY-COMMERCIAL PROPERTY DEVELOPMENT
856 4 0 _uhttps://www.savills.co.uk
_zView the item free of charge (requires registration) at www.savills.co.uk...
942 _n0
999 _c105803
_d105803